000 00485cam a2200181 4500
001 BFIL008672
008 spa
035 _aBFIL008672
050 4 _aF2846
_bS37
100 1 _aSarmiento, Domingo F.
245 0 _aVida de Dominguito /
_cDomingo F. Sarmiento.
260 _aBuenos Aires :
_bTor
300 _a190 p. ;
_c19 cm.
500 _a1 ejem.
504 _aIncluye índice
650 4 _aSarmiento, Domingo Fidel, 1845-1866
942 _2lcc
_cLIB
999 _c91795
_d91795